The Cambridge world history of food

Αποθηκεύτηκε σε:
Λεπτομέρειες βιβλιογραφικής εγγραφής
Άλλοι συγγραφείς: Kiple, Kenneth F. 1939- (Επιμελητής έκδοσης), Ornelas, Kriemhild Conee (Επιμελητής έκδοσης)
Μορφή: Βιβλίο
Γλώσσα:English
Δημοσίευση: Cambridge : Cambridge University Press, c2000.
Θέματα:
Ετικέτες: Προσθήκη ετικέτας
Δεν υπάρχουν, Καταχωρήστε ετικέτα πρώτοι!

MARC

LEADER 00000cam a2200000 i 4500
001 1/106097
008 090612s2000 enk |||||||||| ||eng||
020 |a 052140214X (τ. 1) 
020 |a 0521402158 (τ. 2) 
020 |a 0521402166 (set) 
035 |l 10105076 
040 |a GR-MY-UA  |b gre  |e aacr 
041 0 |a eng 
082 0 |a 641.309  |2 (22) 
245 1 4 |a The Cambridge world history of food /   |c editors, Kenneth F. Kiple, Kriemhild Conne Ornelas. 
260 |a Cambridge :   |b Cambridge University Press,   |c c2000. 
300 |a 2 τ. (xii, 2153 σ.) :   |b εικ., πίν. φωτ. ;   |c 26 εκ. 
504 |a Περιέχει βιβλιογραφικές παραπομπές και ευρετήρια. 
650 0 0 |a Food  |x History. 
700 1 |a Kiple, Kenneth F.  |d 1939-  |e edt 
700 1 |a Ornelas, Kriemhild Conee,  |e edt 
852 |a INST  |b LEMNOS  |e 20090612  |h 641.309 CAM  |p 005600000029  |q 005600000029  |t BK  |y 0  |z τ.1 
852 |a INST  |b LEMNOS  |e 20090612  |h 641.309 CAM  |p 005600000030  |q 005600000030  |t BK  |y 0  |z τ.2 
852 |a INST  |b LEMNOS  |e 20090612  |h 641.309 CAM  |p 005600000029  |q 005600000029  |t BK  |v τ.1:  |y 0  |z τ.1 
852 |a INST  |b LEMNOS  |e 20090612  |h 641.309 CAM  |p 005600000030  |q 005600000030  |t BK  |v τ.2:  |y 0  |z τ.2 
853 |a INST  |b LEMNOS  |h 641.309 CAM 
901 |a BIBL6-2009-2 
909 |a Μ  |b 157658 
909 |a Μ  |b 157657 
922 |a 6ΕΛΗ  |b 200810  |c ΕΠΕΑΕΚ2/ΚΥΒ  |d ΜΙΧΑΛΟΠΟΥΛΟΣ 
970 |a ΠΑΝΤΑΖΗ  |b ΑΝΤΩΝΙΑ  |z 2009/06/12